[Event "EU-ch 16th"]
[Site "Jerusalem"]
[Date "2015.03.06"]
[Round "10"]
[White "Kantsler, Boris"]
[Black "Chuvnik, Mordechai"]
[Result "1-0"]
[WhiteElo "2435"]
[BlackElo "2189"]
[PlyCount "77"]
[EventDate "2015.02.24"]
[EventType "swiss"]
[EventRounds "11"]
[EventCountry "ISR"]
[SourceTitle "CBM 166"]
[Source "ChessBase"]
[SourceDate "2015.05.11"]
[SourceVersion "1"]
[SourceVersionDate "2015.05.11"]
[SourceQuality "1"]

1. Nf3 Nf6 2. g3 g6 3. b3 c5 4. c4 d5 5. cxd5 Qxd5 6. Nc3 Qh5 7. h3 Bg7 8. Bg2 Qf5 9. Ba3 Na6 10. Rc1 0-0 11. Na4 Ne4 12. d3 Nd6 13. 0-0 Nb5 14. Bxc5 Nxc5 15. Rxc5 Qd7 16. Qd2 Nd4 17. Nxd4 Qxd4 18. Rfc1 Rb8 19. R5c4 Qd8 20. R4c2 Bf6 21. Nc3 Be5 22. Qg5 Bf6 23. Qh6 Qa5 24. Nd5 Be6 25. Nxf6+ exf6 26. Qf4 Kg7 27. Kh2 b5 28. d4 b4 29. e4 Rb6 30. d5 Bd7 31. Rc7 Rd8 32. R1c2 Ra6 33. e5 Bf5 34. R2c6 Rxc6 35. Rxc6 fxe5 36. Qxe5+ Kg8 37. g4 Bb1 38. Qe7 Bxa2 39. Rc7 1-0

[Event "EU-ch 16th"]
[Site "Jerusalem"]
[Date "2015.03.02"]
[Round "6"]
[White "Can, Emre"]
[Black "Chuvnik, Mordechai"]
[Result "1-0"]
[WhiteElo "2555"]
[BlackElo "2189"]
[PlyCount "53"]
[EventDate "2015.02.24"]
[EventType "swiss"]
[EventRounds "11"]
[EventCountry "ISR"]
[SourceTitle "CBM 166"]
[Source "ChessBase"]
[SourceDate "2015.05.11"]
[SourceVersion "1"]
[SourceVersionDate "2015.05.11"]
[SourceQuality "1"]

1. e4 e5 2. Nf3 Nc6 3. Bc4 Bc5 4. 0-0 Nf6 5. d4 Bxd4 6. Nxd4 Nxd4 7. f4 d6 8. fxe5 dxe5 9. Bg5 Bd7 10. Na3 Qe7 11. c3 Ne6 12. Bxf6 gxf6 13. Qf3 Nf4 14. Kh1 f5 15. exf5 0-0-0 16. Ba6 c6 17. Qe3 Qg5 18. Rf2 bxa6 19. Qxa7 Bxf5 20. Nc4 Nd5 21. Na5 Rd7 22. Qa8+ Kc7 23. Qxh8 Be4 24. Qa8 Nf4 25. Qb7+ Kd8 26. Qb8+ Ke7 27. Qb4+ 1-0

[Event "ISR-ch op"]
[Site "Ramat Aviv"]
[Date "1999.03.29"]
[Round "2"]
[White "Mikhalevski, Victor"]
[Black "Chuvnik, Mordechai"]
[Result "1-0"]
[WhiteElo "2531"]
[BlackElo "2158"]
[PlyCount "65"]
[EventDate "1999.03.28"]
[EventType "swiss"]
[EventRounds "9"]
[EventCountry "ISR"]
[SourceTitle "CBM 070"]
[Source "ChessBase"]
[SourceDate "1999.06.08"]
[SourceVersion "1"]
[SourceVersionDate "1999.06.08"]
[SourceQuality "1"]

1. d4 d5 2. c4 c6 3. Nf3 Nf6 4. Nc3 e6 5. Bg5 Nbd7 6. cxd5 exd5 7. Qc2 Be7 8. e3 0-0 9. Bd3 Re8 10. 0-0 Nf8 11. Rab1 a5 12. a3 Be6 13. b4 N6d7 14. Bf4 b5 15. Ne5 Rc8 16. Nxd7 Qxd7 17. Rfd1 Bd6 18. Bxd6 Qxd6 19. e4 f6 20. exd5 Bxd5 21. bxa5 Qxa3 22. Nxd5 cxd5 23. Qd2 Ne6 24. Bxb5 Red8 25. Bf1 Ng5 26. Qb4 Qxb4 27. Rxb4 Ne4 28. a6 Nd6 29. Ra1 Rd7 30. a7 Rdd8 31. Rab1 Ra8 32. Rb8 Ne8 33. Rxd8 1-0

[Event "ISR-chT"]
[Site "Israel"]
[Date "1997.??.??"]
[Round "2"]
[White "Tsesarsky, Ilya"]
[Black "Chuvnik, Mordechai"]
[Result "1-0"]
[WhiteElo "2390"]
[BlackElo "2220"]
[PlyCount "62"]
[EventDate "1997.??.??"]
[EventType "team"]
[EventRounds "11"]
[EventCountry "ISR"]
[SourceTitle "CBM 058 Extra"]
[Source "ChessBase"]
[SourceDate "1997.07.29"]
[SourceVersion "1"]
[SourceVersionDate "1997.07.29"]
[SourceQuality "1"]

1. Nf3 Nf6 2. c4 g6 3. Nc3 Bg7 4. e4 0-0 5. d4 d6 6. Be2 e5 7. 0-0 Nc6 8. d5 Ne7 9. b4 Nh5 10. Re1 Nf4 11. Bf1 h6 12. c5 Bg4 13. h3 Bc8 14. Nd2 g5 15. Nc4 f5 16. g3 fxe4 17. gxf4 exf4 18. Bb2 e3 19. fxe3 f3 20. Ne4 Bxb2 21. Nxb2 Ng6 22. Qd2 Qe7 23. Qd4 Ne5 24. Kf2 g4 25. Nc4 gxh3 26. Nxe5 dxe5 27. Qc4 Kh8 28. Bd3 Rg8 29. Rg1 Qh4+ 30. Ng3 Rg4 31. Qc3 Qg5 1-0

[Event "ISR-chT"]
[Site "Israel"]
[Date "1997.??.??"]
[Round "7"]
[White "Zoler, Dan"]
[Black "Chuvnik, Mordechai"]
[Result "1-0"]
[WhiteElo "2465"]
[BlackElo "2220"]
[PlyCount "75"]
[EventDate "1997.??.??"]
[EventType "team"]
[EventRounds "11"]
[EventCountry "ISR"]
[SourceTitle "CBM 058 Extra"]
[Source "ChessBase"]
[SourceDate "1997.07.29"]
[SourceVersion "1"]
[SourceVersionDate "1997.07.29"]
[SourceQuality "1"]

1. Nf3 c5 2. b3 Nc6 3. Bb2 d6 4. g3 e5 5. d3 Be6 6. Bg2 h6 7. c4 Qd7 8. Nc3 Nf6 9. 0-0 Bh3 10. Nd5 Nxd5 11. cxd5 Nb4 12. e4 Be7 13. a3 Na6 14. Nd2 g5 15. Nc4 h5 16. Ne3 Nc7 17. a4 f6 18. Bc3 Kf7 19. Ra2 Bxg2 20. Kxg2 h4 21. Qg4 Qxg4 22. Nxg4 f5 23. Ne3 f4 24. Nf5 hxg3 25. hxg3 Kf6 26. g4 Rh7 27. Rh1 Rxh1 28. Kxh1 Rh8+ 29. Kg2 Ne8 30. b4 b6 31. a5 b5 32. bxc5 dxc5 33. Nxe7 Kxe7 34. Bxe5 Rh4 35. Rc2 Rxg4+ 36. Kf3 Rg1 37. Rxc5 Rb1 38. Rc6 1-0